| 000 | 00493nam a2200169 i 4500 | ||
|---|---|---|---|
| 001 | 29047 | ||
| 003 | ES-MaACL | ||
| 005 | 20230906153953.0 | ||
| 007 | t| | ||
| 008 | 030120m18981900fr ||||1| fre d | ||
| 100 | 1 |
_aBagès. _924630 |
|
| 245 | 1 | 0 |
_aÉtude sur les guerres d'Espagne / _cpar le Commandant Bagès. |
| 260 |
_aParís : _bHenri Charles-Lavauzelle, _c1898-1900. |
||
| 300 |
_a2 v. ; _c22 cm. |
||
| 651 | 4 |
_aEspaña- _xHistoria militar- _yS.XIX. _98374 |
|
| 852 |
_aES-MaACL _jG-3361-62 |
||
| 999 |
_c29047 _d29047 |
||